The Scott Foresman handbook for writers (Record no. 36289)

MARC details
000 -LEADER
fixed length control field 00563nam a2200181Ia 4500
020 ## - INTERNATIONAL STANDARD BOOK NUMBER
ISBN 9781292027678
050 ## - CALL MARK
Classification number PE 1408 .S49/
100 ## - STATEMENT OF RESPONSIBILITY--MAIN AUTHOR NAME
Personal name Daniel, Seward E.
245 #4 - TITLE STATEMENT
Title The Scott Foresman handbook for writers
260 ## - PUBLICATION, DISTRIBUTION, ETC. (IMPRINT)
Place of publication Harlow
260 ## - PUBLICATION, DISTRIBUTION, ETC. (IMPRINT)
Name of publisher Pearson
260 ## - PUBLICATION, DISTRIBUTION, ETC. (IMPRINT)
Year of publication 2014
300 ## - PHYSICAL DESCRIPTION
Number of Pages 718 p
650 ## - SUBJECT ADDED ENTRY--TOPICAL TERM
Topical Term English language--Rhetoric--Handbooks, manuals, etc. English language--Grammar--Handbooks, manuals, etc. Report writing--Handbooks, manuals, etc.
942 ## - ADDED ENTRY ELEMENTS (KOHA)
Koha item type Books
Holdings
Withdrawn status Lost status Source of classification or shelving scheme Damaged status Not for loan Permanent Location Current Location Date acquired Accession Number Price effective from Koha item type
    Library of Congress Classification     NILE UNIVERSITY OF NIGERIA - MAIN LIBRARY NILE UNIVERSITY OF NIGERIA - MAIN LIBRARY 04/23/2025 0011284 04/23/2025 Books